| 000 | 00851nam a2200205Ii 4500 | ||
|---|---|---|---|
| 003 | JO-AjNU | ||
| 008 | 230605s9999||||xx |||||||||||||| ||und|| | ||
| 040 |
_aJO-AjNU _bara _erda _cJO-AjNU |
||
| 041 | _aara | ||
| 050 | 1 | 4 | _aBP144.W342.2001 |
| 100 | 3 |
_aتأليف: وكيع، محمد بن خلف بن حيان؛ مراجعة: سعيد محمد اللحام, _eauthor _959146 |
|
| 245 | 0 | 0 | _aاخبار القضاة |
| 250 | _aط1 جديدة ومنقحة ومفهرسة | ||
| 264 | 3 | 1 | _aبيروت: عالم الكتب للطباعة والنشر ، 2001 |
| 300 |
_a872ص _bيحتوي على فهارس عامة من ص 701-872 |
||
| 336 |
_atext _btxt _2rdacontent |
||
| 337 |
_aunmediated _bn _2rdamedia |
||
| 338 |
_avolume _bnc _2rdacarrier |
||
| 650 | 4 |
_aالفقه الاسلامي- قضاة مسلمون- القضاء الاسلامي _959147 |
|
| 999 |
_aA26601 _c30169 _d30169 |
||